Chapter 2 Fortnite Locations by Picture - Statistics

General Stats
  • This quiz has been taken 204 times
  • The average score is 9 of 16
Answer Stats
Picture Answer % Correct
Steamy Stacks
90%
Slurpy Swamp
80%
Catty Corner
72%
Pleasant Park
72%
Sweaty Sands
69%
Frenzy Farm
63%
Stark Industries
62%
Coral Castle
59%
The Grotto
59%
Holly Hedges
58%
Craggy Cliffs
56%
Lazy Lake
54%
Dirty Docks
50%
Misty Meadow
45%
The Authority
42%
Stealthy Stronghold
18%
No matching quizzes found
Score Distribution
Percent of People with Each Score
Percentile by Number Answered
Your Score History
You have not taken this quiz